000 00636nam a2200217 a 4500
005 20240808063844.0
008 070131s1992 ag r 000 0 spa d
020 _a9501109011
035 _aUPN01000149047
049 _aI
050 4 _aPZ71
_bA5.3
245 0 0 _aAnimales de la granja /
_ctr. de Olga Colella.
260 _aBuenos Aires :
_bSigmar,
_c1992.
300 _a19 p. :
_bil. col.
440 0 _aAbre tus ojos
534 _pTraducción de:
_tFarm animals
650 4 _aLibros y lectura para niños
_92290
650 7 _aAnimales
_vLiteratura infantil
_2
_91061
650 4 _aAnimales domésticos
_94300
905 _aInfantil
999 _c121188
_d121188